El Salvador: un momento decisivo
Uloženo v:
| Médium: | Text |
|---|---|
| Témata: | |
| Tagy: |
Přidat tag
Žádné tagy, Buďte první, kdo vytvoří štítek k tomuto záznamu!
|
MARC
| LEADER | 00000 a a2200000 04500 | ||
|---|---|---|---|
| 001 | 17910 | ||
| 003 | |||
| 040 | |||
| 245 | |a El Salvador: |b un momento decisivo | ||
| 650 | |a POLITICA | ||
| 650 | |a SOCIEDAD | ||
| 650 | |a MILITARISMO | ||
| 650 | |a MOVIMIENTOS SOCIALES | ||
| 650 | |a EL SALVADOR | ||
| 773 | |g volumen 4, número 12; páginas 133 | ||
| 999 | |c 32970 |d 32970 | ||
| 773 | 0 | |0 42391 |9 3811 |a Agencia Latinoamericana de Información, ALAI |d Quito, Ecuador: ALAI |o 03831 |t ALAI: |x 08275564 (Servicio mensual de información y documentación) | |
